{"text_format":"3","workbook":"xls","n_sheets":3,"sheets":["灯具类","五金类","水电类"],"read":"whole","date_system":"1900","formulas":"cached_only"}

{"sheet":"灯具类","index":0,"n_rows":38,"n_cols":33,"rows_kept":38,"merged":[[0,0,0,5],[1,0,1,5],[37,0,38,4],[37,5,38,5]],"flags":["formulas_cached_only"]}
["四川财经职业学院灯具类维修材料控制单价"]
[]
["品名","单位","品牌、规格","估计用量","单价（元）","汇总","备注"]
["LED球泡","个","西电5W",500,3.5,1750]
["LED球泡","个","西电7W",100,4,400]
["LED球泡","个","西电9W柱形",300,5.4,1620,"需递交样品"]
["LED光源","个","佛山照明18W",60,40,2400,"需递交样品"]
["LED灯管","套","16W佛山T8",25,34,850]
["LED灯管","套","14W佛山T5",25,46,1150]
["LED吸顶灯","个","西诺5W光源",30,8.8,264]
["LED吸顶灯盘","个","西诺600*600配暗框",20,140,2800]
["灯管","支","三雄极光T5-14W",400,8.6,3440]
["灯管","支","三雄极光T5-28W",300,8.6,2580]
["灯管","支","三雄极光T5-28W短",200,9.6,1920]
["日光灯支架","副","三雄极光T5",100,32,3200]
["震流器","个","三雄极光T5一拖二",150,9.6,1440]
["震流器","个","三雄极光T5一拖一",80,9.6,768]
["震流器","个","三雄极光T8一拖一",120,9.6,1152]
["电子镇流器","个","EB-C 128TL5 II",30,30,900]
["节能灯","支","飞利浦11W6500K",100,12.5,1250,"需递交样品"]
["节能灯","支","飞利浦14W6500K",100,18.5,1850,"需递交样品"]
["节能灯","支","飞利浦40W",150,33.5,5025,"需递交样品"]
["灯管","支","欧司朗T8 20W",260,5.9,1534]
["灯管","支","欧司朗T8-36W",50,7,350]
["日光灯管","支","欧普T5 LED",100,14.8,1480,"需递交样品",{"$nulls":25}," "]
["日光灯管","支","欧普T8 LED",150,14.8,2220,"需递交样品"]
["日光灯架","个","佛山T5",50,34,1700]
["日光灯架","个","佛山T8",10,21,210]
["筒灯","个","20CM",30,17,510]
["日光灯座","对",null,50,1,50]
["启辉器","个",null,100,1.8,180]
["白炽灯","个","25W",100,0.58,57.99999999999999]
["小射灯","套","3W带稳压器",20,23.5,470]
["杀菌灯管","套","消毒柜用",10,27,270]
["钠灯管","个","欧斯朗150W螺口E40",20,67,1340]
["螺纹灯头","个","瑞丰王 铜芯",100,1.1,110.00000000000001,"需递交样品"]
["镜前灯","个","百事达LED光源",40,39,1560]
[{"$nulls":5},46801]

{"sheet":"五金类","index":1,"n_rows":89,"n_cols":7,"rows_kept":89,"merged":[[0,0,0,5],[1,0,1,5],[88,0,89,4],[88,5,89,5]],"flags":["formulas_cached_only"]}
["四川财经职业学院五金类维修材料控制单价"]
[]
["品名","单位","品牌、规格","估计用量","单价（元）","汇总","备注"]
["18\"抽屉锁","把","18\"",40,4,160]
["16\"抽屉锁","把","16\"",40,3,120]
["文件柜锁","把","正芯",60,4,240]
["文件柜锁","把","偏芯",60,6,360]
["文件柜锁","把","异形",40,8,320]
["防盗门锁芯","把","钢质防盗门",40,29,1160]
["防盗门锁体","套","钢质防盗门",40,34,1360]
["锁芯","把","防火木门",40,20,800]
["锁体","个","木门",30,20,600]
["AB锁芯","个","7.5CM",30,21,630]
["138-22锁","个",null,50,4,200]
["101-16锁","个",null,50,3,150]
["22抽屉锁","个","三联抽",20,4,80]
["铁链锁","把","1米",10,21,210]
["锁板","个","钢质通道门（加长支撑）",3,130,390]
["锁芯","个","钢质通道门（加长支撑）",20,27,540]
["锁扣","个","厕所隔断门（黑色）",60,11,660]
["合页","个","厕所隔断（黑色）",50,8.2,409.99999999999994]
["铁板","串","100个/串",2,30,60]
["平开窗七字执手","个","38型",10,18,180]
["推窗锁扣","个","推拉式断桥窗",20,11.8,236]
["衣柜门把手","个",null,100,3.8,380]
["不锈钢板扣","付","老式挂锁",100,2.9,290]
["车库锁","把","地锁",2,130,260]
["电井锁芯","个","配电井通用型",50,11,550]
["球型锁","把","木门",10,27.6,276]
["反扣锁","个","天地锁",10,13,130]
["350抽轨","付","滑轮",50,14,700]
["450抽轨","付","滑轮",50,16.5,825]
["抽屉滑轨","根","钢珠",60,9.5,570]
["厕所门锁扣","个",null,50,9,450]
["1.2排铰","根",null,50,13.2,660]
["铆钉","袋","3.5*1.6",2,5.5,11]
["木螺丝","包","1.5公分",1,75,75]
["木螺丝","袋","1.2cm",1,86,86]
["钻尾螺丝","盒","1.5CM",2,15,30]
["钻尾螺丝","盒","2.5CM",2,16,32]
["螺杆","个","Φ8标件",100,0.6,60]
["玻璃门滑轮","个","双轮",100,1.7,170]
["小角铁","串","100个/串",5,9.4,47]
["大角铁","串","100个/串",5,55,275]
["三角片","串",null,2,16,32]
["万能胶","瓶",null,5,13,65]
["玻璃胶","件","刕力牌中性",2,170,340]
["扎带","包","20CM",5,16,80]
["扎带","包","15CM",5,13,65]
["自攻螺丝","包","3公分",5,16,80]
["膨胀螺丝","颗","8号",50,1,50]
["线手套","副",null,30,1,30]
["闭门器","个",null,5,132,660]
["铝窗合页","个",null,50,7,350]
["勾锁（槽）","套",null,30,4,120]
["勾锁","套","插入式",20,4.7,94]
["白乳胶","瓶","最小",1,7,7]
["自攻钉","盒","3公分",4,16,64]
["1.2自攻钉","袋",null,3,72,216]
["自攻不锈钢螺丝","盒","2公分长",5,29,145]
["自攻不锈钢螺丝","盒","2.5公分长",5,29,145]
["钉子","盒","5公分",2,6.6,13.2]
["角磨机工具","个",null,1,5,5]
["角磨机砂轮","张",null,30,1.8,54]
["钢质门把手","付","钢质防盗门棕色\n（2个/扇门）",40,25,1000]
["浴巾架","个",null,5,70,350]
["腻子膏","件",null,10,19,190]
["钢锯条","盒","手工锯",3,16,48]
["刀网","米","100米/卷",2,4.4,8.8]
["免钉胶","支","黑色",5,35,175]
["透明胶带","圈",null,10,5.8,58]
["云石胶","桶","5L配固化剂",10,52,520]
["卡条","根","配电箱内元器件挂条",5,5.5,27.5]
["曲夹（玻璃地弹门）","副",null,6,22,132]
["钢钻头","支",8,10,5.2,52]
["钢钻头","支",6,10,3,30]
["钢钻头","支",4.2,20,3,60]
["手摇升降器","个","双线",2,235,470]
["378轮","付",null,10,8,80]
["挂衣杆","根","57.5CM",100,7,700]
["挂衣杆","根","56.5CM",100,7,700]
["挂衣杆座","个",null,200,5,1000]
["防火木门把手","个",null,20,27,540]
["尼龙绳","米",null,50,3,150]
["砂轮片","张","Ф12",30,1.8,54]
["挂锁","把","弹子锁",10,4,40]
["合页","付","不锈钢4孔",60,6,360]
["美工刀片","盒",null,15,2.7,40.5]
[{"$nulls":5},24144]

{"sheet":"水电类","index":2,"n_rows":152,"n_cols":7,"rows_kept":152,"merged":[[0,0,0,6],[1,0,1,6],[151,0,152,4],[151,5,152,5]],"flags":["formulas_cached_only"]}
["四川财经职业学院水电类维修材料控制单价"]
[]
["品名","单位","品牌、规格","估计用量","单价(元)","汇总","备注"]
["插线板","个","公牛GN-109  10米",5,101,505]
["插线板","个","公牛GN-605  3米",5,61,305]
["插线板","个","公牛10米6孔",5,105,525]
["插线板","个","公牛5米10孔",5,83,415]
["配电箱","个","300mm*400mm",4,53,212]
["护导线","圈","正泰两芯2.5平方",4,535,2140]
["护导线","圈","正泰三芯4平方",2,1394,2788]
["漏电断路器","个","正泰160A380V",3,368,1104,"需递交样品"]
["交流接触器","个","220V线圈10A",4,36,144,"需递交样品"]
["交流接触器","个","220V线圈40A",4,123,492,"需递交样品"]
["钢丝管","根","80CM",50,11.5,575]
["波纹进水管","根","100CM",50,15.5,775]
["钢丝进水管","根",null,50,9.3,465.00000000000006]
["护套线","圈","2*2.5MM2",2,360,720]
["空气开关","个","施耐德1P60A",40,10,400]
["空气开关","个","施耐德1P20A",80,29,2320]
["空气开关","个","施耐德1P16A",30,9,270]
["空气开关","个","施耐德2P20A",50,35,1750,"需递交样品"]
["空气开关","个","施耐德2P40A",30,18.7,561]
["空气开关","个","施耐德2P40A带漏电保护",35,60,2100]
["空气开关","个","施耐德2P32A",30,18.2,546]
["空气开关","个","施耐德3P60A",25,29.4,735]
["空气开关","个","施耐德4P16A",4,40,160]
["空气开关","个","施耐德4P20A",25,27.6,690]
["空气开关","个","施耐德4P60A",15,41,615]
["空气开关","个","施耐德160A",5,202,1010]
["空气开关","个","施耐德200A",4,282,1128]
["声控开关","个","公牛、墙面安装",30,38,1140]
["感应开关","个","公牛、墙面安装",30,18,540]
["浴霸开关","个","教师公寓专家房",5,10,50]
["时控器","个","正泰220V",30,59,1770]
["大三针插头","个","公牛16A",50,7,350]
["大三针插座","个","公牛16A",60,6.6,396]
["大三针插头","个","公牛20A",10,7.7,77]
["双开面板","个","曼科",40,11,440]
["三开面板","个","飞利浦",40,13,520]
["热水器插头","个","10A带漏电保护",110,20,2200,"需递交样品"]
["拖布池","套","50CM",15,165,2475]
["拖布池下水","套",null,15,22,330]
["金属下水","个","台下盆",100,5.3,530,"需递交样品"]
["金属下水软管","根","台盆",100,11,1100,"需递交样品"]
["铜三角阀","个","铜体",100,20,2000,"需递交样品"]
["水龙头","个","法欧莎加长铜质",120,25,3000,"需递交样品"]
["水龙头把手","个","直把配螺丝",400,2,800]
["水龙头阀芯","个","铜",200,3.5,700,"需递交样品"]
["摇摆混水阀","个","出水可左右摆动（铜）",10,75,750]
["混水阀","个","铜质",20,78,1560]
["混水阀","个","U型明装",10,37,370,"需递交样品"]
["洗手盆混水阀","个","学生公寓4栋1、2楼用",20,80,1600]
["洗漱盆混水阀","个","招待所用",25,75,1875]
["洗手盆下水","个","台上玻璃盆不带溢流口",25,32,800]
["铁盆下水管","根",null,35,8,280]
["外丝接头","个",null,20,2.8,56]
["水表接头","个",null,20,8,160]
["马桶盖","个","孔距20*长45*宽35",5,65,325]
["马桶盖","个","孔距19*长45*宽37",5,35,175]
["混水阀","个","全铜孔距13.5CM/16.5CM",40,80,3200,"需递交样品"]
["混水阀手轮","个","配螺丝",150,5,750]
["台盆水阀","个","单冷（铜）",40,65,2600]
["淘菜盆龙头","个","铜",10,80,800]
["小便池延时阀","个","手压阀（全铜）",40,50,2000]
["脚踏阀","个","铜",50,52,2600]
["脚踏阀弯头","个","25大小头",50,5.5,275]
["下水管","根","奥洁雅Ф50",500,3.5,1750,"需递交样品"]
["地漏盖","套","Φ110总成",20,16,320]
["四孔插座带插头","套","曼科380V",10,29.4,294]
["单开开关","个","飞利浦",100,6.6,660]
["电线","卷","2*1mm2",4,170,680]
["公牛开关","个","单翘板",35,7,245]
["漏电保护线","根","16A",4,27.6,110.4]
["三孔插头插座","套","公牛16A",30,12,360]
["线卡","盒","8#",10,2.3,23]
["线卡","盒","9#",10,2.7,27]
["线卡","盒","10#",10,2.7,27]
["线卡","盒","12#",10,3.8,38]
["五孔插座","个","曼科",50,10,500]
["南孚电池","对","5#",30,5.3,159]
["南孚电池","对","7#",40,5,200]
["钠灯触发器","个",null,20,32,640]
["电子镇流器","个","佛山T8",25,15.3,382.5]
["水泵液位控制器","个",null,20,30,600]
["花洒手喷","个","老板牌",300,18,5400,"需递交样品"]
["手喷卡座","套","墙面安装",120,4.4,528]
["淋浴管","根","老板牌1.5M防爆",300,14,4200,"需递交样品"]
["水泥钉","盒","100颗/盒",10,6.6,66]
["换气扇","台","艾美特300MM*300MM",10,179,1790]
["马桶排水总程","套",null,30,42,1260]
["顶喷","套","硅胶出水口",40,24,960]
["井盖","个","高分子700Φ厚3CM",5,55,275]
["井盖","个","高分子700Φ厚4CM",5,80,400]
["井盖","个","高分子700Φ厚5CM",5,125,625]
["井盖","套","球墨Ф700",5,235,1175]
["井盖","套","高分子Ф700",5,55,275]
["井盖","套","球墨Ф800",5,331,1655]
["井盖","套","球墨铸铁Φ600",10,230,2300]
["井盖","个","高分子Ф630（二公分）",15,59,885]
["井盖","套","球墨¢1米",2,882,1764]
["雨篦子","套","球墨450*750",5,210,1050]
["雨篦子","个","球墨350*500",7,166,1162]
["雨篦子","个","球墨300*500",8,141,1128]
["雨篦子","个","球墨340*700",5,212,1060]
["雨篦子","个","球墨400*600",10,99,990]
["雨篦子","个","球墨450*750",10,210,2100]
["PVC管","米","川路Ф20",40,4.7,188]
["PVC弯头","个","川路Ф50带疏通孔",10,8,80]
["PVC直接","个","川路Ф50",6,1,6]
["PVC管","根","川路Ф50",2,25,50]
["护导线","米","正泰2*0.75",3,289,867]
["线槽板","米","PVC材质宽50MM*高25MM",20,9,180]
["地漏盖","个","PVC材质",40,13,520]
["淋浴管弯头","个","公共浴室",20,5.5,110]
["电瓶补充液","瓶","400ml",10,3.3,33]
["PPR直接","个","川路Ф32",20,1,20]
["PPR弯头","个","川路Ф32",15,2,30]
["PPR水管","根","川路Ф32",3,28,84]
["PPR截止阀","个","川路Ф20",10,19,190]
["PPR截止阀","个","川路Ф25",10,25,250]
["PPR截止阀","个","川路Ф32",10,28,280]
["PPR三通","个","川路Ф32转Ф25",5,4,20]
["PPR内丝弯头","个","川路Ф25",10,6,60]
["PPR管","米","川路Ф25",5,6,30]
["管卡","包","川路Ф25",1,0.36,0.36]
["PPR直接","个","川路Ф25",15,1.2,18]
["PPR弯头","个","川路Ф25",25,1.5,37.5]
["PPR水阀","个","Ф25",10,13,130]
["铁外丝直接","个","Ф20",20,2.7,54]
["铁弯头","个","Ф20",10,4.1,41]
["铁三通","个","内丝Ф15",10,3.5,35]
["铁外丝直接","个","Ф15",25,1.1,27.500000000000004]
["PVC直接","个","川路Ф20",20,1.3,26]
["PVC三通","个","川路Ф20",10,1.4,14]
["PVC管卡","个","川路Ф20",30,0.6,18]
["阀芯","个","Φ63",10,22,220]
["脚手架轮子","个",null,4,55,220]
["脚手架加长连接杆","个",null,8,11,88]
["膨胀螺丝","个",10,20,0.7,14]
["射钉","盒",null,30,5,150]
["自攻钉","斤","5、8",3,16.5,49.5]
["台下盆","个","50CM",15,72,1080]
["木地板高低扣","米","90CM","5",50,250]
["生胶带","包","100个/包",10,95,950]
["防水胶布","个","舒适高压",40,3,120]
["电工胶布","卷","舒适黑/白",140,1.4,196]
["明底盒","个",null,50,2,100]
["遮光网","捆","200M2/捆",1,545,545]
["铜芯线","圈","4平方单芯",2,380,760]
["铜芯线","圈","2.5平方单芯",2,230,460]
["铜芯线","圈","0.75m2",2,108,216]
[{"$nulls":5},108925.76]